Comuni italiani che iniziano per D - Statistics

Statistiche generali
  • Questo quiz è stato fatto 61 volte
  • Il punteggio medio è 13 su 100
Statistiche sulle risposte
Regione Provincia Comune % Corretto
Piemonte Verbano-Cusio-Ossola Domodossola
90%
Lombardia Monza e della Brianza Desio
50%
Lombardia Bergamo Dalmine
33%
Liguria Imperia Diano Marina
29%
Lombardia Milano Dairago
27%
Trentino-Alto Adige Trento Dro
25%
Lombardia Sondrio Delebio
23%
Lombardia Lecco Dervio
23%
Veneto Verona Dolcé
23%
Liguria Spezia Deiva Marina
21%
Lombardia Brescia Dello
21%
Lombardia Como Dongo
21%
Lombardia Milano Dresano
21%
Piemonte Torino Druento
21%
Friuli-Venezia Giulia Trieste Duino-Aurisina
21%
Calabria Cosenza Diamante
19%
Piemonte Biella Donato
19%
Emilia-Romagna Bologna Dozza
19%
Liguria Savona Dego
17%
Sicilia Caltanissetta Delia
17%
Umbria Perugia Deruta
17%
Trentino-Alto Adige Bolzano Dobbiaco
17%
Piemonte Cuneo Dogliani
17%
Piemonte Novara Dormelletto
17%
Lombardia Bergamo Dossena
17%
Lombardia Cremona Dovera
17%
Piemonte Cuneo Dronero
17%
Lombardia Sondrio Dubino
17%
Lombardia Brescia Darfo Boario Terme
15%
Lombardia Varese Daverio
15%
Sardegna Cagliari Decimomannu
15%
Piemonte Vercelli Desana
15%
Veneto Venezia Dolo
15%
Piemonte Verbano-Cusio-Ossola Druogno
15%
Liguria Genova Davagna
13%
Piemonte Alessandria Denice
13%
Liguria Imperia Diano Castello
13%
Toscana Firenze Dicomano
13%
Puglia Lecce Diso
13%
Liguria Imperia Dolceacqua
13%
Lombardia Lecco Dolzago
13%
Sardegna Nuoro Dorgali
13%
Piemonte Biella Dorzano
13%
Friuli-Venezia Giulia Udine Drenchia
13%
Veneto Vicenza Dueville
13%
Campania Benevento Dugenta
13%
Calabria Vibo Valentia Dasà
10%
Calabria Catanzaro Davoli
10%
Lombardia Sondrio Dazio
10%
Calabria Catanzaro Decollatura
10%
Piemonte Alessandria Dernice
10%
Liguria Imperia Diano Arentino
10%
Piemonte Cuneo Diano d'Alba
10%
Lombardia Como Dizzasco
10%
Liguria Imperia Dolcedo
10%
Lombardia Como Domaso
10%
Valle d'Aosta Aosta Donnas
10%
Lombardia Lecco Dorio
10%
Lombardia Pavia Dorno
10%
Calabria Vibo Valentia Drapia
10%
Sardegna Nuoro Dualchi
10%
Lombardia Varese Dumenza
10%
Campania Benevento Durazzano
10%
Piemonte Asti Dusino San Michele
10%
Veneto Belluno Danta di Cadore
8%
Calabria Reggio Calabria Delianuova
8%
Liguria Imperia Diano San Pietro
8%
Friuli-Venezia Giulia Udine Dignano
8%
Calabria Vibo Valentia Dinami
8%
Calabria Cosenza Dipignano
8%
Piemonte Novara Divignano
8%
Friuli-Venezia Giulia Gorizia Doberdò del Lago
8%
Abruzzo Chieti Dogliola
8%
Friuli-Venezia Giulia Udine Dogna
8%
Veneto Belluno Domegge di Cadore
8%
Campania Caserta Dragoni
8%
Veneto Padova Due Carrare
8%
Lombardia Varese Duno
8%
Sardegna Sud Sardegna Decimoputzu
6%
Friuli-Venezia Giulia Gorizia Dolegna del Collio
6%
Sardegna Sud Sardegna Dolianova
6%
Sardegna Sud Sardegna Domus de Maria
6%
Lombardia Como Dosso del Liro
6%
Valle d'Aosta Aosta Doues
6%
Piemonte Cuneo Demonte
4%
Lombardia Cremona Derovere
4%
Sardegna Nuoro Desulo
4%
Calabria Cosenza Domanico
4%
Campania Avellino Domicella
4%
Sardegna Sud Sardegna Domusnovas
4%
Sardegna Sud Sardegna Donori
4%
Trentino-Alto Adige Trento Drena
4%
Molise Campobasso Duronia
4%
Lombardia Brescia esenzano del Garda
4%
Trentino-Alto Adige Trento Dambel
2%
Trentino-Alto Adige Trento Denno
2%
Trentino-Alto Adige Trento Dimaro Folgarida
2%
Lombardia Mantova Dosolo
2%
Puglia Foggia Delcieto
0%
Emilia-Romagna Forlì-Cesena Dovandola
0%
Nessun quiz corrispondente trovato
Distribuzione punteggi
Percentuale di utenti per punteggio
Percentile per numero di risposta
I tuoi punteggi nel tempo
Non hai fatto questo quiz